Исследование закономерностей пластического деформирования материалов с необратимой объемной сжимамостью: Диссертация на соискание ученой степени кандидата технических наук

Podrobná bibliografie
Hlavní autor: Мидуков В. З.
Korporativní autor: Томский политехнический институт
Další autoři: Дощинский Г. А. (научный руководитель)
Jazyk:ruština
Vydáno: Томск, 1975
Témata:
Médium: MixedMaterials Kniha
KOHA link:https://koha.lib.tpu.ru/cgi-bin/koha/opac-detail.pl?biblionumber=126489

MARC

LEADER 00000nbm0a2200000 4500
001 126489
005 20231031131905.0
035 |a (RuTPU)RU\TPU\book\136839 
090 |a 126489 
100 |a 20071128d1975 k y0rusy50 ca 
101 0 |a rus 
102 |a RU 
105 |a a m 001zy 
200 1 |a Исследование закономерностей пластического деформирования материалов с необратимой объемной сжимамостью  |e Диссертация на соискание ученой степени кандидата технических наук  |f В. З. Мидуков  |g Томский политехнический институт; науч. рук. Г. А. Дощинский 
210 |a Томск  |d 1975 
215 |a 186 л.  |c ил. 
320 |a Библиогр.: с. 169-181 (141 назв.) 
610 1 |a диссертации 
610 1 |a пластическая деформация 
610 1 |a сжимаемость 
610 1 |a закономерности 
610 1 |a необратимые процессы 
610 1 |a твердые тела 
610 1 |a экспериментальные исследования 
610 1 |a материалы 
610 1 |a порошковая металлургия 
610 1 |a деформируемые тела 
610 1 |a объемная сжимаемость 
700 1 |a Мидуков  |b В. З. 
702 1 |a Дощинский  |b Г. А.  |4 727 
712 0 2 |a Томский политехнический институт  |z 1944-1991  |2 stltpush  |3 (RuTPU)RU\TPU\col\1123 
801 1 |a RU  |b 63413507  |c 20071128  |g PSBO 
942 |c BK